000 00420nam a2200181Ia 4500
001 15552
005 20260306170204.0
008 260306t2008||||xx |||||||||||||| ||und||
041 _aESP
082 _a546
_bC81
100 _aCotton, Albert
_eAUT
245 0 _aQuímica inorgánica avanzada
260 _c2008
300 _a1670 páginas :
_c23 cm.
650 _aGEN
654 _aCCN
942 _cLIB
_dJUS
_fJUS
_2ddc
_n
999 _c15552
_d15552